000 02230nam0a22003131 4500
001 v19\rc\1226014
005 20260405135821.0
035 _a(NLR Aleph) 005187904
090 _a5183021
_c5183021
100 _a20060306e18411841|||y0rusy50 ca
101 0 _arus
102 _aRU
105 _ay z |||||
200 1 _aСтарина морская и заморская
210 _d1841
_aБ. м.
215 _d17
300 _aНа переплете: Записки С. Бурачка и Бурхановского
311 _aОтт. из: Журн. для чтения воспитанникам воен.-учеб. заведений. 1841. Т. 30. № 120. С. 233-261
316 _aЭкз. РНБ (В80/Б-2/2(алл. 1)): приплетено: Рыкачев, Н. Эпизод русского крейсерства на Адриатическом море. Кронштадт, 1879
_5NLR: В80/Б-2/2(алл. 1)
481 0 _1001v19\rc\1544043
_95647770
_aРыкачев, Н. А. (1832-1891)
_cКронштадт
_dценз. 1879
_nтип. "Кронштадт. вестн."
_o(Ист. очерк)
_p36 с.
_tЭпизод русского крейсерства на Адриатическом море
482 0 _12001#$aЭпизод русского крейсерства на Адриатическом море
_1210##$aКронштадт$d1879
_1700#1$3RU\NLR\AUTH\7756247$7ca$aРыкачев$bН. А.$f1832-1891$gНиколай Александрович
_tЭпизод русского крейсерства на Адриатическом море
_aРыкачев, Николай Александрович (1832-1891)
488 0 _12001#$aЖурнал для чтения воспитанникам военно-учебных заведений$v1841, т. 30, № 120
_1215##$aС. 233-261
_tЖурнал для чтения воспитанникам военно-учебных заведений
700 1 _8rus
_7ca
_aБурачек
_bС. О.
_f1800-1876
_gСтепан Онисимович
_3RU\NLR\AUTH\7756164
_939096
801 2 _aRU
_bNLR
_c20060317
_2rusmarc
801 0 _aRU
_bNLR
_c20060306
_gpsbo
801 1 _aRU
_bProSoft-M
_c20060306
_2rusmarc
852 _aNLR
_jВ80/Б-2/2
942 _cBOOK
980 _aNB